000 03254nam0a2200433 i 4500
001 RU\NLR\BIBL_A\011549220
005 20260407160748.0
010 _a9785824321364
_9500
021 _aRU
_b2017-86909
_96214
035 _a(RuMoRGB)009452331
035 _a(NLR Aleph) 011549220
090 _a12235786
_c12235786
100 _a20171207d2017 k y0rusy50 ca
101 0 _arus
102 _aRU
105 _aachbz|||001zy
200 1 _aСоветский Союз и Вьетнам в годы первой Индокитайской войны
_eЖеневская конференция, 1954 г.
_eсборник документов и материалов
_fФедеральное архивное агентство, Российский государственный архив социально-политической истории [и др.
_gсоставители: О.А. Шашкова, канд. исторических наук и др.]
_gредакционная коллегия: А.Н. Артизов, д-р исторических наук (председатель) [и др.]
210 _aМосква
_cРОССПЭН
_d2017
215 _a677, [1] с., [32] л. ил., портр., факс., цв. карт.
_d25
300 _aВ надзаг. также: Рос. гос. архив новейшей истории, Рос. гос. архив кинофотодокументов, Архив внеш. политики Рос. Федерации ИДД МИД России, Рос. ист. о-во
320 _aБиблиогр.: с. 664-668 и в конце док.
320 _aИмен. указ.: с. 624-632
320 _aБиогр. указ.: с. 633-648
320 _aГеогр. указ.: с. 649-657
320 _aУказ. средств массовой информации: с. 658-659
607 _aСССР
_jДокументы и материалы
_xВзаимоотношения
_yВьетнам, Демократическая Республика
_92516874
_3RU\NLR\AUTH\661491681
607 _aВьетнам, Демократическая Республика
_jДокументы и материалы
_xВзаимоотношения
_yСССР
_92516880
_3RU\NLR\AUTH\661491683
686 1 _aТ3(2)73-63(5В),011
686 1 _aТ3(5В)71-63(2),011
702 1 _4220
_8rus
_7ca
_aШашкова
_bО. А.
_cканд. ист. наук
_gОльга Александровна
_3RU\NLR\AUTH\7792051
_974978
702 1 _aАртизов
_bА. Н.
_gАндрей Николаевич
_4340
711 1 2 _aЖеневская конференция
_f1954
_9581821
_3RU\NLR\AUTH\880459511
711 1 2 _aЖеневское совещание министров иностранных дел СССР, Китайской Народной Республики, США, Франции и Великобритании
_f1954
_3RU\NLR\AUTH\8810098467
_9697951
712 0 2 _4475
_aРоссийский государственный архив социально-политической истории
_3RU\NLR\AUTH\8810016122
_9530088
942 _cBOOK
980 _aNBR